000 00942nam a2200277 i 4500
003 OSt
005 20210818181448.0
008 160927s2004 ck a jr 000 1dspa d
020 _a9789583015762
040 _bspa
_aCOMFC
_erda
041 _aspa
100 1 _949007
_aSilva Vallejo, Fabio
_eadp
245 1 0 _aMitos y Leyendas del mundo
_bGrecia, Roma, América, Asia, África, Europa, Oceanía
_cFabio Silvia Vallejo,
264 0 1 _aBogotá
_bPanamericana Editorial
_c2004
300 _a213 páginas,
_bilustraciones,
_c16 cm
336 _2rdacontent
_atxt
337 _2rdamedia
_an
338 _2rdacarrier
_anc
490 _aColección Juvenil
082 0 4 _a863.6
_bSI587m
650 0 _910648
_aCuentos Infantiles
650 0 _923339
_aMitologia
_vCuentos Infantiles
650 0 _910619
_aCuentos
650 0 _923339
_aMitologia
_vAdaptaciones Infantiles
942 _2ddc
_h863.6 SI587m
_k863.6
_mSI587m
999 _c10616
_d10616